Les 30 pays au PIB par habitant le plus élevé - 2021 - Statistiques

Statistiques générales
  • Ce quiz a été pris 793 fois
  • Le résultat moyen est 22 sur 30
Statistiques - réponses
Rang PIB par habitant - 2021 (en $) Pays % Correct
20_ 44 770 France
97%
5_ 66 144 Etats-Unis d'Amérique
96%
19_ 45 871 Canada
93%
3_ 90 358 Suisse
93%
15_ 51 967 Allemagne
92%
25_ 40 733 Japon
89%
1_ 125 923 Luxembourg
88%
4_ 76 408 Norvège
88%
10_ 57 660 Suède
88%
26_ 35 062 Italie
87%
23_ 42 236 Royaume-Uni
85%
14_ 54 817 Finlande
84%
16_ 50 051 Belgique
81%
6_ 63 645 Danemark
81%
11_ 57 211 Australie
79%
9_ 58 029 Pays-Bas
79%
28_ 32 305 Corée du Sud
74%
12_ 55 417 Qatar
74%
2_ 90 478 Irlande
73%
27_ 32 686 Emirats Arabes Unis
71%
13_ 54 820 Autriche
70%
8_ 58 371 Islande
67%
24_ 41 793 Nouvelle-Zélande
67%
7_ 62 113 Singapour
67%
21_ 44 676 Saint-Marin
46%
22_ 43 439 Israël
45%
29_ 32 099 Malte
44%
18_ 47 990 Hong Kong (Etat non-souverain)
35%
30_ 31 532 Bahamas
22%
17_ 48 207 Macao (Etat non-souverain)
22%
Aucun quiz correspondant
Distribution des résultats
% des personnes avec chaque résultat
Percentile par nombre de réponses
Votre historique - résultats
Vous n’avez pas pris ce quiz